Welcome to CU Library Online Public Access Catalogue (OPAC)

Allergy and allergic diseases / (Record no. 3623)

MARC details
000 -LEADER
fixed length control field 01201cam a22002778a 4500
001 - CONTROL NUMBER
control field 15135308
005 - DATE AND TIME OF LATEST TRANSACTION
control field 20250207205545.0
008 - FIXED-LENGTH DATA ELEMENTS--GENERAL INFORMATION
fixed length control field 080109s2008 mau b 001 0 eng
020 ## - INTERNATIONAL STANDARD BOOK NUMBER
International Standard Book Number 9781405157209 (alk. paper)
050 00 - LIBRARY OF CONGRESS CALL NUMBER
Classification number RC584
Item number .A348 2008
082 00 - DEWEY DECIMAL CLASSIFICATION NUMBER
Classification number 616.97
Edition information 22
245 00 - TITLE STATEMENT
Title Allergy and allergic diseases /
Statement of responsibility, etc. editor-in-chief, A. Barry Kay ; editors, Allen P. Kaplan, Jean Bousquet, Patrick G. Holt ; foreword by K. Frank Austen.
250 ## - EDITION STATEMENT
Edition statement 2nd ed.
260 ## - PUBLICATION, DISTRIBUTION, ETC.
Place of publication, distribution, etc. Chichester, West Sussex, UK ;
-- Hoboken, NJ :
Name of publisher, distributor, etc. Wiley-Blackwell,
Date of publication, distribution, etc. 2008.
300 ## - PHYSICAL DESCRIPTION
Extent 2 v. (xix, 2030, lvii p.)
Other physical details ill. (some col.) ;
Dimensions 29 cm. +
Accompanying material 1 CD-ROM (4 3/4 in.)
650 #0 - SUBJECT ADDED ENTRY--TOPICAL TERM
Topical term or geographic name entry element Allergy.
650 12 - SUBJECT ADDED ENTRY--TOPICAL TERM
Topical term or geographic name entry element Hypersensitivity
General subdivision immunology.
650 22 - SUBJECT ADDED ENTRY--TOPICAL TERM
Topical term or geographic name entry element Allergens
General subdivision immunology.
650 22 - SUBJECT ADDED ENTRY--TOPICAL TERM
Topical term or geographic name entry element Asthma
General subdivision immunology.
650 22 - SUBJECT ADDED ENTRY--TOPICAL TERM
Topical term or geographic name entry element Immunotherapy.
700 1# - ADDED ENTRY--PERSONAL NAME
Personal name Kay, A. Barry
856 42 - ELECTRONIC LOCATION AND ACCESS
Materials specified Contributor biographical information
Uniform Resource Identifier <a href="http://www.loc.gov/catdir/enhancements/fy0808/2008000958-b.html">http://www.loc.gov/catdir/enhancements/fy0808/2008000958-b.html</a>
856 42 - ELECTRONIC LOCATION AND ACCESS
Materials specified Publisher description
Uniform Resource Identifier <a href="http://www.loc.gov/catdir/enhancements/fy0808/2008000958-d.html">http://www.loc.gov/catdir/enhancements/fy0808/2008000958-d.html</a>
856 41 - ELECTRONIC LOCATION AND ACCESS
Materials specified Table of contents only
Uniform Resource Identifier <a href="http://www.loc.gov/catdir/enhancements/fy0808/2008000958-t.html">http://www.loc.gov/catdir/enhancements/fy0808/2008000958-t.html</a>
942 ## - ADDED ENTRY ELEMENTS (KOHA)
Source of classification or shelving scheme Library of Congress Classification
Koha item type Books
Edition 2nd ed.
Suppress in OPAC No
999 ## -
-- 3623
-- 3623
Holdings
Withdrawn status Lost status Source of classification or shelving scheme Damaged status Not for loan Collection Home library Current library Shelving location Date acquired Total checkouts Full call number Barcode Date last seen Copy number Price effective from Koha item type
    Library of Congress Classification     Non-fiction Science Library (Miotso) Science Library (Miotso) General stacks 02/07/2025   RC584 .A348 ALL SLM00003114 02/07/2025 1 02/07/2025 Books
    Library of Congress Classification     Non-fiction Science Library (Miotso) Science Library (Miotso) General stacks 02/07/2025   RC584 .A348 ALL SLM00003115 02/07/2025 2 02/07/2025 Books
    Library of Congress Classification     Non-fiction Science Library (Miotso) Science Library (Miotso) General stacks 02/07/2025   RC584 .A348 ALL SLM00003116 02/07/2025 3 02/07/2025 Books
    Library of Congress Classification     Non-fiction Science Library (Miotso) Science Library (Miotso) General stacks 02/07/2025   RC584 .A348 ALL SLM00003117 02/07/2025 4 02/07/2025 Books
    Library of Congress Classification     Non-fiction Science Library (Miotso) Science Library (Miotso) General stacks 02/07/2025   RC584 .A348 ALL SLM00003118 02/07/2025 5 02/07/2025 Books
    Library of Congress Classification     Non-fiction Science Library (Miotso) Science Library (Miotso) General stacks 02/07/2025   RC584 .A348 ALL SLM00003119 02/07/2025 6 02/07/2025 Books
    Library of Congress Classification     Non-fiction Science Library (Miotso) Science Library (Miotso) General stacks 02/07/2025   RC584 .A348 ALL SLM00003120 02/07/2025 7 02/07/2025 Books
    Library of Congress Classification     Non-fiction Science Library (Miotso) Science Library (Miotso) General stacks 02/07/2025   RC584 .A348 ALL SLM00003121 02/07/2025 8 02/07/2025 Books
    Library of Congress Classification     Non-fiction Science Library (Miotso) Science Library (Miotso) General stacks 02/07/2025   RC584 .A348 ALL SLM00003122 02/07/2025 9 02/07/2025 Books
    Library of Congress Classification     Non-fiction Science Library (Miotso) Science Library (Miotso) General stacks 02/07/2025   RC584 .A348 ALL SLM00003123 02/07/2025 10 02/07/2025 Books
© 2023-2024 Copyright: Central University Libraries. All Rights Reserved | Created by: Mahone Tech Office